[Event "HEM 2009 C-Turnier"]
[Site "Idstein"]
[Date "2009.04.08"]
[Round "1"]
[White "Ahrends, Norbert"]
[Black "Egenolf, Dirk"]
[Result "1-0"]
[WhiteElo "2021"]
[BlackElo "1896"]
[PlyCount "81"]
[EventDate "2009.??.??"]
[WhiteTeam "SC Flörsheim 1921"]
[BlackTeam "SK Niederbrechen 1948"]

1. d4 Nf6 2. c4 g6 3. Nc3 d5 4. cxd5 Nxd5 5. e4 Nxc3 6. bxc3 Bg7 7. Bc4 O-O 8.
Ne2 c5 9. O-O cxd4 10. cxd4 Nc6 11. Be3 a6 12. a4 Bd7 13. Rb1 Na5 14. Bd3 Rc8
15. d5 Nc4 16. Rxb7 Qe8 17. Bd4 Bxa4 18. Qa1 Bh6 19. Nc3 Bb5 20. Nxb5 axb5 21.
Bxc4 bxc4 22. Qa3 Bf4 23. Rxe7 Qd8 24. Rb7 Bd6 25. Qe3 Re8 26. Qh6 Bf8 27. Qf4
f5 28. f3 c3 29. Rc1 Qa5 30. Qh4 Rc7 31. Rxc7 Qxc7 32. Rxc3 Qb7 33. Rc1 Bg7 34.
Bxg7 Kxg7 35. Qf4 Qb6+ 36. Kh1 Qd4 37. Qc7+ Kg8 38. d6 Rf8 39. exf5 gxf5 40. d7
Qd2 41. h4 1-0

[Event "HEM 2009 C-Turnier"]
[Site "Idstein"]
[Date "2009.04.08"]
[Round "1"]
[White "Bolduan, Michael"]
[Black "Winter, Lars"]
[Result "1/2-1/2"]
[WhiteElo "1883"]
[BlackElo "2016"]
[PlyCount "53"]
[EventDate "2009.??.??"]
[WhiteTeam "SC Taunusstein 1966"]
[BlackTeam "SV Maintal 1934"]

1. Nf3 Nf6 2. g3 b6 3. Bg2 Bb7 4. O-O e6 5. d3 Be7 6. e4 d6 7. Nbd2 Nbd7 8. Re1
c5 9. Qe2 Qc7 10. a4 a6 11. Nc4 b5 12. axb5 axb5 13. Rxa8+ Bxa8 14. Ncd2 O-O
15. e5 dxe5 16. Nxe5 Nxe5 17. Qxe5 Qxe5 18. Rxe5 Nd5 19. Re2 Nb4 20. Ne4 c4 21.
dxc4 bxc4 22. Bf4 Rd8 23. Nc3 Bf6 24. Bxa8 Rxa8 25. Re4 Nxc2 26. Rxc4 Ne1 27.
b4 1/2-1/2

[Event "HEM 2009 C-Turnier"]
[Site "Idstein"]
[Date "2009.04.08"]
[Round "1"]
[White "Fußnecker, Manfred"]
[Black "Haftmann, Rainer"]
[Result "1-0"]
[WhiteElo "1993"]
[BlackElo "1877"]
[PlyCount "57"]
[EventDate "2009.??.??"]
[WhiteTeam "SC Matt im Park Ffm"]
[BlackTeam "SAbt SG 1945 Dietzenbach"]

1. e4 e5 2. Nc3 Nc6 3. f4 Bc5 4. fxe5 Qe7 5. Nf3 Nxe5 6. Nd5 Nxf3+ 7. Qxf3 Qe5
8. d4 Bxd4 9. Bf4 Bf2+ 10. Qxf2 Qxe4+ 11. Qe2 Qxe2+ 12. Bxe2 d6 13. Nxc7+ Kd7
14. Nxa8 Ne7 15. O-O-O d5 16. Bb5+ Ke6 17. Rde1+ Kf6 18. Be5+ Kg6 19. Bd3+ Bf5
20. Bxf5+ Nxf5 21. Nc7 f6 22. Bf4 d4 23. g4 Nh4 24. Re7 h5 25. h3 Ng2 26. gxh5+
Kxh5 27. Ne6 g5 28. Bd2 Rd8 29. Nxd8 1-0

[Event "HEM 2009 C-Turnier"]
[Site "Idstein"]
[Date "2009.04.08"]
[Round "1"]
[White "Kutschera, Julian"]
[Black "Rompel, Michael"]
[Result "0-1"]
[WhiteElo "1868"]
[BlackElo "1992"]
[PlyCount "71"]
[EventDate "2009.??.??"]
[WhiteTeam "SV Lahn Limburg"]
[BlackTeam "SC Königsflügel Lindenholzhaus"]

1. d4 d5 2. Nf3 c6 3. e3 e6 4. Bd3 Bd6 5. Nbd2 f5 6. O-O Nf6 7. b3 O-O 8. Bb2
Nbd7 9. c4 Ne4 10. Ne5 Rf6 11. c5 Nexc5 12. dxc5 Bxe5 13. Bxe5 Nxe5 14. Be2 Qc7
15. b4 Bd7 16. Nb3 Re8 17. a4 Nf7 18. b5 f4 19. Qc2 e5 20. Rae1 Ng5 21. exf4
Rxf4 22. Nd2 Ref8 23. f3 Rh4 24. g3 Rh6 25. Bd3 Bh3 26. Rf2 Rhf6 27. Ree2 h6
28. Qb2 Nxf3+ 29. Nxf3 Rxf3 30. Bg6 e4 31. Qd4 Qe7 32. Bh5 Rxf2 33. Rxf2 Rxf2
34. Qxf2 Bd7 35. Bg6 cxb5 36. axb5 {ZÜ} 0-1

[Event "HEM 2009 C-Turnier"]
[Site "Idstein"]
[Date "2009.04.08"]
[Round "1"]
[White "Launert, Martin"]
[Black "Vielsäcker, Dirk"]
[Result "1-0"]
[WhiteElo "1988"]
[BlackElo "1860"]
[PlyCount "133"]
[EventDate "2009.??.??"]
[WhiteTeam "Sfr.Erbach"]
[BlackTeam "SC Königsflügel Lindenholzhaus"]

1. e4 e6 2. d4 d5 3. Nc3 Bb4 4. Qg4 Nf6 5. Qxg7 Rg8 6. Qh6 c5 7. Bg5 Nbd7 8. a3
Qa5 9. Bd2 Rg6 10. Qe3 Ng4 11. Qd3 dxe4 12. Nxe4 Bxd2+ 13. Nxd2 Qb6 14. h3 Ngf6
15. Nc4 Qc7 16. Nf3 cxd4 17. Qxd4 Qc5 18. O-O-O Qxd4 19. Rxd4 Ke7 20. Nfe5 Rg8
21. g4 Nd5 22. f4 f6 23. Nxd7 Bxd7 24. Bg2 Bc6 25. Na5 Rgd8 26. Re1 Rac8 27.
Nxc6+ bxc6 28. Rde4 Rd6 29. f5 e5 30. c4 Kf7 31. Kb1 Nf4 32. Bf1 c5 33. h4 Rd2
34. Kc1 Rcd8 35. g5 Rf2 36. R4e3 Rdd2 37. Rb3 Rd7 38. Rb5 Rc7 39. a4 a6 40. Rb6
Rh2 41. Rxf6+ Kg7 42. Rb6 Rxh4 43. Rxa6 Rg4 44. Rd1 Rxg5 45. f6+ Kf7 46. Bd3
Nxd3+ 47. Rxd3 Rf5 48. Rh3 h5 49. Kc2 e4 50. a5 Rf2+ 51. Kc3 Rf3+ 52. Rxf3 exf3
53. Kd3 Rd7+ 54. Ke3 f2 55. Kxf2 Rd2+ 56. Kg3 Rd4 57. b3 Rd3+ 58. Kh4 Rxb3 59.
Kxh5 Rc3 60. Kg5 Rxc4 61. Ra7+ Kf8 62. a6 Rc1 63. Kf5 c4 64. Rc7 Ra1 65. a7 c3
66. Rc8+ Kf7 67. a8=Q 1-0

[Event "HEM 2009 C-Turnier"]
[Site "Idstein"]
[Date "2009.04.08"]
[Round "1"]
[White "Minor, Dieter"]
[Black "Schmitt, Carsten"]
[Result "1-0"]
[WhiteElo "1848"]
[BlackElo "1988"]
[PlyCount "63"]
[EventDate "2009.??.??"]
[WhiteTeam "SV Wiesbaden 1885"]
[BlackTeam "SV Bergwinkel"]

1. d4 d5 2. Nf3 c6 3. Bf4 Nf6 4. e3 e6 5. Nbd2 Nbd7 6. Bd3 Nh5 7. Bg5 Be7 8.
Bxe7 Qxe7 9. O-O O-O 10. Ne5 Nhf6 11. Ndf3 Ne4 12. c3 f5 13. Nxd7 Bxd7 14. Ne5
c5 15. Bxe4 fxe4 16. Nxd7 Qxd7 17. dxc5 Qc7 18. Qd4 Rad8 19. b4 Rf6 20. Rad1
Rh6 21. g3 Qf7 22. Qxe4 Rf8 23. Qg2 a5 24. e4 dxe4 25. Qxe4 Qh5 26. Qg2 Qe2 27.
Rd7 Rf3 28. Rxb7 Rhf6 29. c6 Qe4 30. Rb8+ Kf7 31. c7 h5 32. c8=Q 1-0

[Event "HEM 2009 C-Turnier"]
[Site "Idstein"]
[Date "2009.04.08"]
[Round "1"]
[White "Libuda, Thomas"]
[Black "Schwarz, Eduard"]
[Result "0-1"]
[WhiteElo "1973"]
[BlackElo "1846"]
[PlyCount "64"]
[EventDate "2009.??.??"]
[WhiteTeam "1.Hainstädter SC 1950"]
[BlackTeam "SG Turm Idstein"]

1. d4 Nf6 2. Nf3 e6 3. e3 b6 4. Nbd2 Bb7 5. Bd3 d5 6. O-O c5 7. c3 Nbd7 8. Qe2
Bd6 9. a3 Ne4 10. Re1 O-O 11. Nf1 Qc7 12. N3d2 e5 13. Nxe4 dxe4 14. Bc2 Rac8
15. dxc5 Nxc5 16. Ng3 Qc6 17. Qg4 Rfd8 18. h4 Bf8 19. a4 a5 20. h5 Rc7 21. Nf5
Bc8 22. Qg5 f6 23. Qg4 Qe6 24. Rd1 Rxd1+ 25. Qxd1 Qxf5 26. b4 Nd3 27. Bxd3 exd3
28. Bd2 axb4 29. cxb4 Rc2 30. Rc1 Bxb4 31. g4 Rxc1 32. Qxc1 Qxg4+ 0-1

[Event "HEM 2009 C-Turnier"]
[Site "Idstein"]
[Date "2009.04.08"]
[Round "1"]
[White "Krzesinski, Paul"]
[Black "Gutacker, Stephan"]
[Result "0-1"]
[WhiteElo "1745"]
[BlackElo "1967"]
[PlyCount "46"]
[EventDate "2009.??.??"]
[WhiteTeam "Sabt Frankfurter TV 1860"]
[BlackTeam "Sfr.1932 Kelkheim"]

1. e4 e5 2. d4 exd4 3. Qxd4 Nc6 4. Qe3 g6 5. Nc3 Bg7 6. Bd2 Nf6 7. O-O-O d6 8.
Bc4 Na5 9. Be2 Be6 10. h4 Ng4 11. Qg3 h5 12. Nh3 Qd7 13. f3 Ne5 14. Nd5 Nec4
15. Bxa5 Nxa5 16. Nhf4 O-O-O 17. Kb1 c6 18. Qf2 cxd5 19. exd5 Bf5 20. Qxa7 Qc7
21. Qa8+ Kd7 22. Bb5+ Ke7 23. Rde1+ Be5 0-1

[Event "HEM 2009 C-Turnier"]
[Site "Idstein"]
[Date "2009.04.08"]
[Round "1"]
[White "Zuschlag, Volker"]
[Black "Wesoly, Helge"]
[Result "1-0"]
[WhiteElo "1964"]
[BlackElo "1811"]
[PlyCount "59"]
[EventDate "2009.??.??"]
[WhiteTeam "SC Grauer Turm Fritzlar"]
[BlackTeam "SC 1952 Obertshausen"]

1. e4 c5 2. Nf3 d6 3. d4 cxd4 4. Nxd4 Nf6 5. Bd3 e6 6. O-O Nc6 7. c3 a6 8. Be3
Ne5 9. Bc2 d5 10. Nd2 dxe4 11. Nxe4 Be7 12. Qe2 O-O 13. Rfd1 Nd5 14. Rac1 Qc7
15. Bg5 Bxg5 16. Nxg5 h6 17. Ne4 Nf4 18. Qf1 b5 19. g3 Nd5 20. b3 Bb7 21. Bb1
Qe7 22. c4 bxc4 23. bxc4 Nf6 24. Qe2 Rfd8 25. c5 Nc6 26. Nxf6+ Qxf6 27. Nxc6
Bxc6 28. Rd6 Rxd6 29. cxd6 Bb5 30. Qe4 1-0

[Event "HEM 2009 C-Turnier"]
[Site "Idstein"]
[Date "2009.04.08"]
[Round "1"]
[White "Rump, Andreas"]
[Black "Bosse, Volkmar"]
[Result "1-0"]
[WhiteElo "1801"]
[BlackElo "1961"]
[PlyCount "117"]
[EventDate "2009.??.??"]
[WhiteTeam "SG Turm Idstein"]
[BlackTeam "Sfr.Neuberg"]

1. e4 e6 2. d4 d5 3. Nc3 Bb4 4. e5 c5 5. a3 Bxc3+ 6. bxc3 Qc7 7. f4 cxd4 8.
cxd4 Ne7 9. Nf3 O-O 10. Bd3 f5 11. O-O Nbc6 12. Bd2 Bd7 13. Qe1 Rfc8 14. Qh4
Qd8 15. Ng5 h6 16. Nf3 Qe8 17. Rfb1 Rab8 18. Qe1 Ng6 19. Rb2 Qd8 20. Rab1 Qc7
21. Bb5 a6 22. Bd3 Be8 23. Rb6 Nd8 24. Rd6 Bc6 25. g4 Nf8 26. gxf5 exf5 27.
Bxf5 Bd7 28. Bxd7 Nxd7 29. Qg3 Nf7 30. Rg6 Qxc2 31. Rc1 Qf5 32. Rxc8+ Rxc8 33.
e6 Ng5 34. exd7 Nxf3+ 35. Kf2 Qxd7 36. Qxf3 Rc2 37. Qd3 Ra2 38. Rg3 Qa4 39. Rg2
Rxa3 40. Bc3 Qb3 41. Rg3 Ra2+ 42. Kg1 Rc2 43. Be1 Qb1 44. Qe3 Rc1 45. Kf1 Qb5+
46. Qe2 Qb4 47. Qe6+ Kf8 48. Qf5+ Kg8 49. Qxd5+ Kh8 50. Qe5 Qc4+ 51. Kg2 Rc2+
52. Bf2 Qf7 53. d5 Rd2 54. d6 Rd5 55. Qe7 Qf6 56. Qe8+ Kh7 57. Qe4+ Qf5 58.
Qxf5+ Rxf5 59. Rd3 1-0

[Event "HEM 2009 C-Turnier"]
[Site "Idstein"]
[Date "2009.04.08"]
[Round "1"]
[White "Matzies, Alexander"]
[Black "Will, Dominik"]
[Result "1-0"]
[WhiteElo "1961"]
[BlackElo "1791"]
[PlyCount "73"]
[EventDate "2009.??.??"]
[WhiteTeam "Sfr.1932 Kelkheim"]
[BlackTeam "SC Bad Nauheim"]

1. e4 c5 2. Nf3 d6 3. Bb5+ Nc6 4. Bxc6+ bxc6 5. O-O e5 6. d3 Nf6 7. Nbd2 Be7 8.
h3 O-O 9. Qe2 Nd7 10. Nc4 Nb6 11. Ne3 f5 12. Nxf5 Bxf5 13. exf5 Rxf5 14. Nh2
Nd5 15. Qe4 Qd7 16. f4 exf4 17. Bxf4 Nxf4 18. Rxf4 Re5 19. Qf3 Bg5 20. Re4 Rf5
21. Qe2 d5 22. Re6 d4 23. Qe4 Be3+ 24. Kh1 Rf2 25. Ng4 Rxc2 26. Nf6+ gxf6 27.
Re7 Qxe7 28. Qxe7 Rb8 29. b3 Rf2 30. Qxa7 Re8 31. Qxc5 Re5 32. Qxc6 Ref5 33. a4
h5 34. a5 h4 35. Qc8+ Kf7 36. Qxf5 Rxf5 37. a6 1-0

[Event "HEM 2009 C-Turnier"]
[Site "Idstein"]
[Date "2009.04.08"]
[Round "1"]
[White "Raab, Hendrik"]
[Black "Grass, Ernest"]
[Result "0-1"]
[WhiteElo "1789"]
[BlackElo "1948"]
[PlyCount "54"]
[EventDate "2009.??.??"]
[WhiteTeam "Sabt Frankfurter TV 1860"]
[BlackTeam "Sfr. Braunfels e.V."]

1. d4 Nf6 2. Nf3 g6 3. c4 c5 4. Nc3 cxd4 5. Nxd4 Bg7 6. g3 Nc6 7. e3 O-O 8. Bg2
Qa5 9. O-O Nxd4 10. exd4 d6 11. h3 Qc7 12. b3 Bd7 13. Bb2 h5 14. Nd5 Nxd5 15.
Bxd5 Bxh3 16. Re1 Rae8 17. Qf3 Bc8 18. Qf4 Kh7 19. Kg2 e5 20. Qe3 Bh6 21. Qe4
f5 22. Qh4 f4 23. Rad1 fxg3 24. fxg3 Bg4 25. Rd3 e4 26. Rxe4 Rxe4 27. Bxe4 Qf7
0-1

[Event "HEM 2009 C-Turnier"]
[Site "Idstein"]
[Date "2009.04.08"]
[Round "1"]
[White "Geringer, Waldemar"]
[Black "Zimmer, Gerald"]
[Result "0-1"]
[WhiteElo "1947"]
[BlackElo "1772"]
[PlyCount "58"]
[EventDate "2009.??.??"]
[WhiteTeam "SC 1950 Eppertshausen"]
[BlackTeam "SC Bergen-Enkheim 1922"]

1. d4 d5 2. c4 e6 3. g3 Nf6 4. Bg2 c5 5. Nf3 Nc6 6. e3 cxd4 7. exd4 Bb4+ 8. Bd2
Bxd2+ 9. Nbxd2 O-O 10. c5 b6 11. Nb3 Ba6 12. a3 Re8 13. Ne5 Nxe5 14. dxe5 Nd7
15. Qd4 Qc7 16. cxb6 axb6 17. f4 Qc2 18. Nd2 Nc5 19. Bf1 Bxf1 20. Kxf1 Rec8 21.
b4 Nb3 22. Nxb3 Qxb3 23. Kg2 Rc2+ 24. Kh3 Qf3 25. Qd1 Re2 26. Kh4 h5 27. h3 g5+
28. Kxg5 Qxg3+ 29. Kxh5 Kg7 0-1

[Event "HEM 2009 C-Turnier"]
[Site "Idstein"]
[Date "2009.04.08"]
[Round "1"]
[White "Zhukov, Leonid"]
[Black "Juhnke, Peter"]
[Result "1-0"]
[WhiteElo "1770"]
[BlackElo "1945"]
[PlyCount "61"]
[EventDate "2009.??.??"]
[WhiteTeam "TuS Makkabi Wiesbaden"]
[BlackTeam "SC Eschborn 1974"]

1. e4 d5 2. exd5 Nf6 3. d4 Nxd5 4. c4 Nf6 5. Nf3 Bg4 6. Be2 e6 7. h3 Bh5 8. O-O
c6 9. Qb3 Qc8 10. Bf4 Be7 11. Nc3 Nbd7 12. Rac1 O-O 13. a3 h6 14. d5 Nc5 15.
Qd1 Rd8 16. d6 Bf8 17. b4 Ncd7 18. c5 b6 19. Be3 e5 20. Qc2 g5 21. g4 Nxg4 22.
hxg4 Bxg4 23. Nxg5 Nf6 24. Nce4 Nxe4 25. Nxe4 Bg7 26. Bxg4 Qxg4+ 27. Ng3 bxc5
28. bxc5 f5 29. Qxf5 Qh4 30. Qe6+ Kh8 31. Rc4 1-0

[Event "HEM 2009 C-Turnier"]
[Site "Idstein"]
[Date "2009.04.08"]
[Round "1"]
[White "Foerster, Rudi"]
[Black "Held, Helmut"]
[Result "0-1"]
[WhiteElo "1936"]
[BlackElo "1768"]
[PlyCount "94"]
[EventDate "2009.??.??"]
[WhiteTeam "Sfr. Braunfels e.V."]
[BlackTeam "SC 1971 Bad Marienberg  e. V."]

1. e4 e6 2. d4 d5 3. Nd2 Nf6 4. e5 Nfd7 5. Bd3 c5 6. c3 Nc6 7. Ne2 cxd4 8. cxd4
Be7 9. O-O O-O 10. Nf3 f5 11. exf6 Bxf6 12. Qc2 h6 13. a3 Re8 14. Bg6 Re7 15.
Bh5 Nf8 16. Bf4 g5 17. Be5 Nxe5 18. dxe5 Bg7 19. Ned4 Rc7 20. Qd2 Bd7 21. Rac1
Rac8 22. Rxc7 Qxc7 23. Re1 Qb6 24. h4 gxh4 25. Nxh4 Rc4 26. Nhf3 a6 27. Qf4 Qd8
28. Qf7+ Kh8 29. Bg4 Qb6 30. b3 Rxd4 31. Nxd4 Qxd4 32. Qh5 Qd3 33. Re3 Qg6 34.
Qh3 Qb1+ 35. Kh2 Qb2 36. Re2 Qc1 37. Qg3 Qxa3 38. Rc2 Qa1 39. f4 Bc6 40. Qh4
Qb1 41. Re2 Qxb3 42. Qe7 Qc4 43. Rf2 d4 44. Bf3 Kh7 45. Be2 d3 46. f5 dxe2 47.
fxe6 e1=Q 0-1

[Event "HEM 2009 C-Turnier"]
[Site "Idstein"]
[Date "2009.04.08"]
[Round "1"]
[White "Loehr, Holger"]
[Black "Hoppe, Michael"]
[Result "1/2-1/2"]
[WhiteElo "1730"]
[BlackElo "1935"]
[PlyCount "72"]
[EventDate "2009.??.??"]
[WhiteTeam "Sfr. Braunfels e.V."]
[BlackTeam "SK 1945 Fürth"]

1. Nf3 d5 2. d4 Nf6 3. c4 e6 4. g3 c6 5. Bg2 Bb4+ 6. Bd2 Qa5 7. Nc3 Ne4 8. Qc2
Nxd2 9. Nxd2 Nd7 10. O-O O-O 11. a3 Bxc3 12. Qxc3 Qxc3 13. bxc3 Rb8 14. Rab1 b6
15. Rfe1 Bb7 16. cxd5 cxd5 17. c4 dxc4 18. Bxb7 Rxb7 19. Nxc4 Rc7 20. Nd6 Rc6
21. Ne4 Rfc8 22. Nd2 Rc2 23. Nb3 Ra2 24. Ra1 Rcc2 25. Kf1 Kf8 26. Rxa2 Rxa2 27.
Ra1 Rxa1+ 28. Nxa1 b5 29. Nc2 a5 30. e4 Nb6 31. Ke2 Ke7 32. Kd3 Kd6 33. Kc3 Nc8
34. Na1 Ne7 35. Nb3 Nc6 36. Kd3 f6 1/2-1/2

[Event "HEM 2009 C-Turnier"]
[Site "Idstein"]
[Date "2009.04.08"]
[Round "1"]
[White "Larem, Peter"]
[Black "Engelbert, Thomas"]
[Result "1-0"]
[WhiteElo "1935"]
[BlackElo "1716"]
[PlyCount "47"]
[EventDate "2009.??.??"]
[WhiteTeam "SC 1950 Eppertshausen"]
[BlackTeam "1.Hainstädter SC 1950"]

1. e4 c6 2. d4 d5 3. Nc3 dxe4 4. Nxe4 Nd7 5. Nf3 Ngf6 6. Nxf6+ Nxf6 7. Bc4 e6
8. Bg5 Be7 9. Qe2 O-O 10. O-O-O b5 11. Bd3 Bb7 12. h4 Nd5 13. Qe4 g6 14. Bh6
Re8 15. h5 Nf6 16. Qe5 Qd6 17. hxg6 hxg6 18. Bf4 Qxe5 19. Bxe5 Nh7 20. Rxh7 f6
21. Rdh1 fxe5 22. Rh8+ Kg7 23. R1h7+ Kf6 24. dxe5# 1-0

[Event "HEM 2009 C-Turnier"]
[Site "Idstein"]
[Date "2009.04.08"]
[Round "1"]
[White "Wachtel, Johann"]
[Black "Weber, Andreas"]
[Result "1-0"]
[WhiteElo "1712"]
[BlackElo "1921"]
[PlyCount "69"]
[EventDate "2009.??.??"]
[WhiteTeam "SC Königsflügel Lindenholzhaus"]
[BlackTeam "Sfr. Frankfurt 1921"]

1. e4 e5 2. f4 d5 3. Nf3 Bg4 4. Be2 Bc5 5. Nxe5 Bh3 6. Bb5+ c6 7. Qh5 Be6 8.
Bd3 dxe4 9. Bxe4 Nf6 10. Qe2 O-O 11. Nc3 Re8 12. d3 Nd5 13. Bd2 f6 14. Qh5 f5
15. Bxf5 Bxf5 16. Qf7+ Kh8 17. Qxf5 Qf6 18. Qe4 Nd7 19. d4 Nxc3 20. Bxc3 Bd6
21. O-O Rad8 22. Rae1 Nb6 23. Qf3 Nd5 24. g3 b5 25. Nxc6 Rxe1 26. Rxe1 Nxc3 27.
bxc3 Rf8 28. Ne5 Qf5 29. Qd3 Qc8 30. Re3 a6 31. Kg2 Qb7+ 32. Qe4 Qc7 33. Qd5
Ba3 34. c4 bxc4 35. Rxa3 1-0

[Event "HEM 2009 C-Turnier"]
[Site "Idstein"]
[Date "2009.04.08"]
[Round "1"]
[White "Kellerwessel, Ralf"]
[Black "Sammons, Daniel"]
[Result "1-0"]
[WhiteElo "1911"]
[BlackElo "1705"]
[PlyCount "55"]
[EventDate "2009.??.??"]
[WhiteTeam "SC Bad Soden"]
[BlackTeam "Sfr.Mörfelden-Walldorf"]

1. a3 e5 2. e3 Nf6 3. c4 g6 4. Nc3 Bg7 5. Nf3 d6 6. Be2 O-O 7. O-O e4 8. Nd4
Nc6 9. Nxc6 bxc6 10. d4 d5 11. Bd2 Be6 12. Qc2 Qd7 13. Rac1 Rfc8 14. Na4 Bg4
15. Ba5 Bxe2 16. Qxe2 Bf8 17. Rc2 Bd6 18. h3 Rab8 19. Rfc1 Rb3 20. cxd5 cxd5
21. Nc5 Bxc5 22. Rxc5 Ne8 23. Qc2 Rcb8 24. Bb4 Rd3 25. Ra5 Rb7 26. Qc5 Nd6 27.
Qxd5 Qf5 28. Qc6 1-0

[Event "HEM 2009 C-Turnier"]
[Site "Idstein"]
[Date "2009.04.08"]
[Round "1"]
[White "Friedrich, Helmut"]
[Black "Guenzler, Richard"]
[Result "0-1"]
[WhiteElo "1704"]
[BlackElo "1909"]
[PlyCount "100"]
[EventDate "2009.??.??"]
[WhiteTeam "SC Schachmatt Weiterstadt"]
[BlackTeam "SC 1961 König Nied"]

1. e4 Nf6 2. e5 Nd5 3. d4 d6 4. exd6 exd6 5. Bc4 Nb6 6. Bb3 d5 7. Bf4 Nc6 8. c3
Bd6 9. Qf3 O-O 10. Ne2 Re8 11. Bxd6 Qxd6 12. O-O a5 13. Nd2 a4 14. Bc2 Nc4 15.
Nxc4 dxc4 16. a3 Ne7 17. Ng3 Qb6 18. Rab1 Bd7 19. Rfe1 Ng6 20. Rxe8+ Rxe8 21.
Qd5 Be6 22. Qf3 Qb5 23. Qd1 Bd7 24. Qd2 Qc6 25. Re1 Rxe1+ 26. Qxe1 Qb5 27. Qc1
f5 28. f3 Qd5 29. Qe1 Kf7 30. Kf2 b5 31. Qd2 h6 32. Qe1 Nh4 33. Qd2 g5 34. Kg1
Qxf3 35. gxf3 Nxf3+ 36. Kf2 Nxd2 37. Bxf5 Bxf5 38. Nxf5 Nb3 39. Nxh6+ Ke6 40.
Ng4 Nc1 41. Ne5 c5 42. Ke3 Kd5 43. h3 b4 44. axb4 cxb4 45. cxb4 c3 46. Nd3 Nxd3
47. Kxd3 cxb2 48. Kc2 Kxd4 49. Kxb2 Kc4 50. Ka3 Kb5 0-1

[Event "HEM 2009 C-Turnier"]
[Site "Idstein"]
[Date "2009.04.08"]
[Round "1"]
[White "Ewin, Hans-Peter"]
[Black "Heckwolf, Thomas"]
[Result "1-0"]
[WhiteElo "1897"]
[BlackElo "1618"]
[PlyCount "77"]
[EventDate "2009.??.??"]
[WhiteTeam "Sfr. Braunfels e.V."]
[BlackTeam "SC Münster"]

1. e4 d6 2. c4 e5 3. Nf3 Bg4 4. Be2 Nf6 5. Nc3 c5 6. d3 Nc6 7. Be3 Be7 8. O-O
O-O 9. Nd2 Be6 10. f4 exf4 11. Bxf4 Nd4 12. Nf3 Nxe2+ 13. Qxe2 Nd7 14. d4 Bf6
15. Bxd6 cxd4 16. Bxf8 dxc3 17. Ba3 Qc7 18. b3 Ne5 19. Nxe5 Bxe5 20. h3 Qa5 21.
Be7 c2 22. Rac1 Qxa2 23. Qxc2 Qxc2 24. Rxc2 Re8 25. Rd2 f6 26. Rd8 Kf7 27. Rxe8
Kxe8 28. Bc5 a6 29. Rd1 Bd7 30. Kf2 Bc6 31. Bd6 Bc3 32. e5 fxe5 33. Bxe5 Bxe5
34. Re1 Kf7 35. Rxe5 Kf6 36. Re3 g6 37. g3 h6 38. Ke2 h5 39. Kd3 1-0